Countries by Previous Country Alphabetically in Five Minutes - Statistics

General Stats
  • This quiz has been taken 516 times
  • The average score is 107 of 196
Answers on the Map
Answers color-coded by a green-red scale on the quiz's map according to % correct below.
 
Answer Stats
Country % Correct
Cape Verde
88%
Rwanda
82%
Brunei
81%
United States
81%
Colombia
80%
Austria
79%
Moldova
79%
Uruguay
79%
Indonesia
77%
France
75%
India
74%
Iraq
73%
Oman
73%
Switzerland
73%
Armenia
72%
China
72%
Jordan
72%
Sri Lanka
72%
Andorra
71%
Jamaica
71%
United Arab Emirates
71%
Albania
70%
Ghana
69%
Ireland
69%
Israel
69%
Azerbaijan
67%
Gabon
67%
Qatar
66%
Bosnia and Herzegovina
65%
Djibouti
65%
Lebanon
65%
Algeria
64%
Denmark
64%
Iran
64%
Kenya
64%
South Sudan
64%
Chile
63%
Malta
63%
Pakistan
63%
Peru
63%
Portugal
63%
Suriname
63%
Antigua and Barbuda
62%
El Salvador
62%
Nicaragua
62%
South Korea
62%
Australia
61%
Ethiopia
61%
Liechtenstein
61%
Papua New Guinea
61%
Philippines
61%
Russia
61%
Zambia
61%
Angola
60%
Belgium
60%
Belize
60%
Comoros
60%
Cyprus
60%
Finland
60%
Grenada
60%
Malawi
60%
Netherlands
60%
Nigeria
60%
Norway
60%
Romania
60%
Togo
60%
Latvia
59%
Montenegro
59%
Palau
59%
Bahamas
58%
Italy
58%
Luxembourg
58%
Marshall Islands
58%
Mozambique
58%
Spain
58%
Turkmenistan
58%
Cameroon
56%
Egypt
56%
Swaziland
56%
Bahrain
55%
Bolivia
55%
Haiti
55%
Japan
55%
Namibia
55%
New Zealand
55%
Senegal
55%
Zimbabwe
55%
Benin
54%
Canada
54%
Cuba
54%
Guinea
54%
South Africa
54%
Barbados
53%
Botswana
53%
Federated States of Micronesia
53%
Kiribati
53%
Laos
53%
Mongolia
53%
Uzbekistan
53%
Bangladesh
52%
Bhutan
52%
Bulgaria
52%
Czech Republic
52%
Honduras
52%
Kazakhstan
52%
Maldives
52%
Nauru
52%
North Korea
52%
Poland
52%
Afghanistan
51%
Burkina Faso
51%
Dominican Republic
51%
Estonia
51%
Iceland
51%
Kosovo
51%
Nepal
51%
Cote d'Ivoire
50%
Guinea-Bissau
50%
Hungary
50%
Kuwait
50%
Kyrgyzstan
50%
Liberia
50%
Mauritius
50%
San Marino
50%
Seychelles
50%
Syria
50%
Taiwan
50%
Vietnam
50%
Belarus
49%
Panama
49%
Slovenia
49%
Trinidad and Tobago
49%
Yemen
49%
Chad
48%
Costa Rica
48%
Greece
48%
Macedonia
48%
Republic of the Congo
48%
Sudan
48%
Tuvalu
48%
Argentina
47%
Democratic Republic of the Congo
47%
Dominica
47%
Equatorial Guinea
47%
Germany
47%
Libya
47%
Niger
47%
Saint Kitts and Nevis
47%
Solomon Islands
47%
Tonga
47%
Turkey
47%
Vanuatu
47%
Gambia
46%
Malaysia
46%
São Tomé and Príncipe
46%
Uganda
46%
Venezuela
46%
Brazil
45%
Fiji
45%
Georgia
45%
Madagascar
45%
Mali
45%
Monaco
45%
Slovakia
45%
Tajikistan
45%
Tanzania
45%
Central African Republic
44%
Lesotho
44%
Lithuania
44%
Mexico
44%
Morocco
44%
Myanmar
44%
Saint Lucia
44%
Saint Vincent and the Grenadines
44%
Sierra Leone
44%
Cambodia
43%
Guatemala
43%
Guyana
43%
Serbia
43%
East Timor
42%
Paraguay
42%
Samoa
42%
Somalia
42%
Sweden
42%
Saudi Arabia
41%
Thailand
41%
Ecuador
40%
Mauritania
40%
Ukraine
40%
Vatican City
38%
Burundi
37%
Tunisia
37%
Singapore
36%
Eritrea
34%
Croatia
31%
United Kingdom
5%
No matching quizzes found
Score Distribution
Percent of People with Each Score
Percentile by Number Answered
Your Score History
You have not taken this quiz